| 000 | 01475nam a2200253 4500 | ||
|---|---|---|---|
| 010 | _aA-419297 | ||
| 035 | _aA-419297 | ||
| 037 | _bCen Lib / Ret | ||
| 040 |
_aDPL _bHN |
||
| 082 |
_a238.09 _bसत्यके |
||
| 100 | _aसत्यकेतु विध्यालंकार | ||
| 245 |
_aआर्य समाज का इतिहास / _cसत्यकेतु विध्यालंकार |
||
| 246 |
_aAryasamaj ka itihas : swarjya sangras mein Aryasamaj ka yogdaan 1926-47 / _bby Satketu Vidyalankar |
||
| 260 |
_aनई दिल्ली _bआर्य स्वाध्याय केन्द्र _c1987 |
||
| 270 |
_aए-१/३२ सफदरजंग एन्क्लेव _bनई दिल्ली |
||
| 300 |
_a(v 4. 735 ; v 6. 640p) _b24cm(Hb) |
||
| 505 | _av 1. 1875-1918 ; v 4. आर्य समाज और राजनीती v 6. स्वराज्य संघर्ष में आर्य समाज का योगदान 1926-47 | ||
| 650 | _aIndia -- Politics and government -- 1857-1919. | ||
| 650 | _aभारतीय - राजनीति और सरकार - 1857-1919। | ||
| 650 | _aIndia -- Politics and government -- 1919-1947. | ||
| 650 | _aArya-Samaj -- Political activity -- History. | ||
| 650 | _aआर्य-समाज - राजनीतिक गतिविधि - इतिहास | ||
| 942 |
_2ddc _cEN _h238.09 _mसत्यके |
||
| 999 |
_c122358 _d122358 |
||